Tópicos de Simulación y Modelación Matemática
Presenta algunos tópicos de la teoría de simulación y modelación que permiten conceptualizar, analizar, ejemplificar e interrelacionar elementos estadísticos y probabilísticos con una correcta interpretación del proceso simulado, contiene: las principales definiciones ligadas al proceso de mo...
| Main Authors: | , |
|---|---|
| Other Authors: | |
| Format: | Tesis Section = Libro |
| Language: | Undetermined Spanish |
| Published: |
Managua
UNI
2011
|
| Subjects: |
| LEADER | 01192nam a2200253Ia 4500 | ||
|---|---|---|---|
| 008 | 240830s9999 xx 000 0 und d | ||
| 040 | |a BIBLIOTECA-RUPAP Mon 003.3 C579 | ||
| 041 | |a spa | ||
| 082 | |a Mon 003.3 C579 | ||
| 100 | 1 | |a Cisneros Díaz, Iván Augusto | |
| 100 | 1 | |b Bermúdez López, Nelson Antonio | |
| 245 | 1 | 0 | |a Tópicos de Simulación y Modelación Matemática |
| 260 | |a Managua |b UNI |c 2011 | ||
| 300 | |a 133 p. :il. | ||
| 500 | |a Contiene: anexos e Incluye: CD. | ||
| 502 | |a Tesis (Ingeniero de Sistemas)- UNI, 2011. | ||
| 520 | 3 | |a Presenta algunos tópicos de la teoría de simulación y modelación que permiten conceptualizar, analizar, ejemplificar e interrelacionar elementos estadísticos y probabilísticos con una correcta interpretación del proceso simulado, contiene: las principales definiciones ligadas al proceso de modelado y simulado de procesos estadísticos. | |
| 650 | 7 | |a MODELOS Y SIMULACIÓN POR COMPUTADOR | |
| 650 | 7 | |b DISTRIBUCIONES PROBABILISTICAS - PROCESOS DE SIMULACIÓN Y MODELACION | |
| 650 | 7 | |c OPTIMIZACION DE SISTEMAS | |
| 700 | 1 | |a Tutor: |b García Guevara, Roger Alberto | |
| 942 | |c BK |2 ddc | ||
| 991 | |a TESIS | ||
| 999 | |c 15268 | ||